[Event "Swiss Queens Wed #4"]
[Site "FIDE Online Arena INT"]
[Date "2024.02.21"]
[Round "5"]
[White "Narva, Regina R"]
[Black "Bauyrzhan, Arnash"]
[Result "1/2-1/2"]
[WhiteElo "1901"]
[BlackElo "2029"]
[PlyCount "92"]
[EventDate "2024.02.21"]
[EventType "swiss (blitz)"]
[EventRounds "11"]
[EventCountry "NET"]
[SourceTitle "CB09_2024"]
[SourceDate "2024.02.28"]
[SourceVersion "1"]
[SourceVersionDate "2024.02.28"]
[SourceQuality "1"]

1. e4 c5 2. Nc3 Nc6 3. g3 g6 4. Bg2 Bg7 5. Nge2 e6 6. h3 Nge7 7. 0-0 Nd4 8. g4 h5 9. Ng3 hxg4 10. hxg4 Nec6 11. d3 Qh4 12. Re1 Qh2+ 13. Kf1 Be5 14. Nce2 Qh4 15. f4 Nxe2 16. Nxe2 Bd4 17. Nxd4 cxd4 18. Qf3 d6 19. c3 Bd7 20. a4 0-0-0 21. a5 e5 22. f5 gxf5 23. exf5 a6 24. cxd4 exd4 25. Bf4 Rdg8 26. g5 Bxf5 27. Bxd6 Qg4 28. Qxg4 Bxg4 29. Bxc6 bxc6 30. Be7 Bf3 31. Bf6 Rh2 32. Re7 Rh1+ 33. Kf2 Rxa1 34. Kxf3 Rf1+ 35. Ke4 Re1+ 36. Kxd4 Rxe7 37. Bxe7 Kd7 38. Bf6 Rb8 39. Kc4 Rb5 40. b4 Rd5 41. d4 Rb5 42. Be5 Ke6 43. Bf6 Rd5 44. Be5 Rb5 45. Bf6 Rd5 46. Be5 Rb5 1/2-1/2

[Event "Swiss Queens Wed #3"]
[Site "FIDE Online Arena INT"]
[Date "2024.02.14"]
[Round "1"]
[White "Balabayeva, Kseniya"]
[Black "Narva, Regina R"]
[Result "1-0"]
[WhiteElo "2282"]
[BlackElo "1901"]
[PlyCount "77"]
[EventDate "2024.02.14"]
[EventType "swiss (blitz)"]
[EventRounds "11"]
[EventCountry "NET"]
[SourceTitle "CB08_2024"]
[SourceDate "2024.02.21"]
[SourceVersion "1"]
[SourceVersionDate "2024.02.21"]
[SourceQuality "1"]

1. e4 d5 2. exd5 Qxd5 3. d4 Nf6 4. Nf3 Bg4 5. Be2 Nc6 6. Be3 0-0-0 7. 0-0 Qa5 8. Nbd2 e6 9. a3 Bd6 10. h3 Bh5 11. b4 Qf5 12. Bd3 Bxf3 13. Nxf3 Qh5 14. c4 Be7 15. b5 Na5 16. Qa4 b6 17. Ne5 Bd6 18. Nc6 Ng4 19. Nxa5 bxa5 20. c5 Bh2+ 21. Kh1 Nxe3 22. fxe3 Bg3 23. Qxa5 Kd7 24. b6 axb6 25. Qa4+ Ke7 26. cxb6 cxb6 27. Rab1 Bc7 28. Qc6 Rd7 29. Bb5 Rhd8 30. Qc4 Qd5 31. Qxd5 Rxd5 32. Rfc1 Rc8 33. a4 Rf5 34. Ba6 Ra8 35. Bb7 Rxa4 36. Rxc7+ Kf6 37. Bf3 Ra2 38. e4 Rfa5 39. Rxb6 1-0

[Event "Swiss Queens Wed #2"]
[Site "FIDE Online Arena INT"]
[Date "2024.02.07"]
[Round "4"]
[White "Narva, Regina R"]
[Black "Tokhirjonova, Gulruhbegim"]
[Result "1-0"]
[WhiteElo "1901"]
[BlackElo "2365"]
[PlyCount "65"]
[EventDate "2024.02.07"]
[EventType "swiss (blitz)"]
[EventRounds "11"]
[EventCountry "NET"]
[SourceTitle "CB07_2024"]
[SourceDate "2024.02.14"]
[SourceVersion "1"]
[SourceVersionDate "2024.02.14"]
[SourceQuality "1"]

1. e4 e5 2. Nc3 Nf6 3. f4 d6 4. Nf3 Nc6 5. Be2 Bg4 6. 0-0 Qd7 7. d3 0-0-0 8. a4 h6 9. a5 a6 10. Be3 exf4 11. Bxf4 g5 12. Be3 Bg7 13. b4 Nxb4 14. Qb1 Nc6 15. d4 d5 16. e5 Ne4 17. Qb3 Nxc3 18. Qxc3 Na7 19. Rfb1 c6 20. Qc5 Nb5 21. Bxb5 axb5 22. Rxb5 Bf8 23. Qc3 Qc7 24. Rb6 Bxf3 25. gxf3 Kd7 26. Rab1 Rb8 27. a6 Qc8 28. a7 Ra8 29. Rxb7+ Ke8 30. Rb8 Kd7 31. R1b7+ Kd8 32. Qxc6 Rxb8 33. axb8Q 1-0

[Event "Speed Chess (Women) Q3"]
[Site "Chess.com INT"]
[Date "2021.05.30"]
[Round "5"]
[White "Narva, Regina R"]
[Black "Chu, Ruotong"]
[Result "0-1"]
[WhiteElo "1901"]
[BlackElo "2207"]
[PlyCount "36"]
[EventDate "2021.05.30"]
[EventType "swiss (blitz)"]
[EventRounds "21"]
[EventCountry "USA"]
[SourceTitle "CBM 202 Extra"]
[Source "ChessBase"]
[SourceDate "2021.07.31"]
[SourceVersion "1"]
[SourceVersionDate "2021.07.31"]
[SourceQuality "1"]

1. e4 c5 2. Nc3 Nc6 3. Nf3 e6 4. d4 cxd4 5. Nxd4 Qc7 6. Nde2 Nf6 7. g3 a6 8. Bg2 b5 9. a3 Bb7 10. 0-0 Bc5 11. h3 h6 12. g4 Ne5 13. Kh1 h5 14. g5 Nfg4 15. hxg4 hxg4+ 16. Bh3 Rxh3+ 17. Kg2 Ng6 18. Ng3 Nh4+ 0-1

[Event "Speed Chess (Women) Q3"]
[Site "Chess.com INT"]
[Date "2021.05.30"]
[Round "12"]
[White "Narva, Regina R"]
[Black "Mohota, Nisha"]
[Result "0-1"]
[WhiteElo "1901"]
[BlackElo "2195"]
[PlyCount "60"]
[EventDate "2021.05.30"]
[EventType "swiss (blitz)"]
[EventRounds "21"]
[EventCountry "USA"]
[SourceTitle "CBM 202 Extra"]
[Source "ChessBase"]
[SourceDate "2021.07.31"]
[SourceVersion "1"]
[SourceVersionDate "2021.07.31"]
[SourceQuality "1"]

1. e4 Nf6 2. Nc3 d5 3. e5 Ne4 4. Nxe4 dxe4 5. d3 exd3 6. Bxd3 Nc6 7. Nf3 Bg4 8. Bf4 e6 9. 0-0 Nd4 10. Be4 Nxf3+ 11. Bxf3 Qxd1 12. Bxd1 Bxd1 13. Raxd1 Bc5 14. Rd3 Rd8 15. Rfd1 Rxd3 16. Rxd3 Ke7 17. a3 h6 18. h3 a6 19. Rc3 Bb6 20. Be3 Bxe3 21. Rxe3 Rd8 22. Rd3 Rxd3 23. cxd3 Kd7 24. f4 Kc6 25. Kf2 Kd5 26. Ke3 c5 27. g4 b5 28. b3 a5 29. h4 g6 30. g5 h5 0-1

[Event "Speed Chess (Women) Q3"]
[Site "Chess.com INT"]
[Date "2021.05.30"]
[Round "8"]
[White "Narva, Regina R"]
[Black "Mordido, Kylen Joy"]
[Result "0-1"]
[WhiteElo "1901"]
[BlackElo "2014"]
[PlyCount "64"]
[EventDate "2021.05.30"]
[EventType "swiss (blitz)"]
[EventRounds "21"]
[EventCountry "USA"]
[SourceTitle "CBM 202 Extra"]
[Source "ChessBase"]
[SourceDate "2021.07.31"]
[SourceVersion "1"]
[SourceVersionDate "2021.07.31"]
[SourceQuality "1"]

1. e4 c5 2. Nc3 Nc6 3. Nf3 g6 4. g3 Bg7 5. Bg2 e6 6. 0-0 Nge7 7. d3 0-0 8. Bg5 h6 9. Be3 Nd4 10. Qd2 Kh7 11. h4 d5 12. exd5 Nxd5 13. Ne4 Nxe3 14. fxe3 Nf5 15. Rab1 Qc7 16. Qf2 Bd7 17. g4 Ne7 18. h5 g5 19. Nfxg5+ hxg5 20. Nxg5+ Kg8 21. Qh4 Nd5 22. h6 Be5 23. h7+ Kg7 24. Nxf7 Rxf7 25. Qg5+ Kf8 26. h8Q+ Bxh8 27. Rxf7+ Kxf7 28. Rf1+ Bf6 29. Qh5+ Kg7 30. e4 Bd4+ 31. Kh1 Rh8 32. Qh4 Rxh4+ 0-1

[Event "Speed Chess (Women) Q3"]
[Site "Chess.com INT"]
[Date "2021.05.30"]
[Round "15"]
[White "Narva, Regina R"]
[Black "Ribeiro, Regina"]
[Result "0-1"]
[WhiteElo "1901"]
[BlackElo "1920"]
[PlyCount "64"]
[EventDate "2021.05.30"]
[EventType "swiss (blitz)"]
[EventRounds "21"]
[EventCountry "USA"]
[SourceTitle "CBM 202 Extra"]
[Source "ChessBase"]
[SourceDate "2021.07.31"]
[SourceVersion "1"]
[SourceVersionDate "2021.07.31"]
[SourceQuality "1"]

1. e4 c6 2. d4 d5 3. f3 dxe4 4. fxe4 e5 5. Nf3 Bg4 6. Bc4 Nf6 7. 0-0 Bxf3 8. Rxf3 Qxd4+ 9. Qxd4 exd4 10. e5 Nd5 11. c3 Bc5 12. cxd4 Bxd4+ 13. Kh1 0-0 14. Nd2 Nd7 15. Ne4 Bxe5 16. Rb1 N7b6 17. Bb3 Rad8 18. Bg5 f6 19. Bh4 Kh8 20. Nc5 Rf7 21. Ne6 Re8 22. Ng5 Rfe7 23. Nh3 Bc7 24. g4 g5 25. Bg3 Bxg3 26. hxg3 Re1+ 27. Rxe1 Rxe1+ 28. Kg2 Ne3+ 29. Kf2 Nxg4+ 30. Kxe1 Ne5 31. Rxf6 Kg7 32. Re6 Nd3+ 0-1

[Event "Speed Chess (Women) Q3"]
[Site "Chess.com INT"]
[Date "2021.05.30"]
[Round "6"]
[White "Vargas, Gabriela"]
[Black "Narva, Regina R"]
[Result "1-0"]
[WhiteElo "2170"]
[BlackElo "1901"]
[PlyCount "75"]
[EventDate "2021.05.30"]
[EventType "swiss (blitz)"]
[EventRounds "21"]
[EventCountry "USA"]
[SourceTitle "CBM 202 Extra"]
[Source "ChessBase"]
[SourceDate "2021.07.31"]
[SourceVersion "1"]
[SourceVersionDate "2021.07.31"]
[SourceQuality "1"]

1. d4 Nf6 2. Nf3 g6 3. c3 Bg7 4. Bg5 d6 5. Nbd2 c5 6. dxc5 dxc5 7. e4 Nc6 8. Bc4 0-0 9. 0-0 Bg4 10. Qe2 Ne5 11. Bb3 c4 12. Bc2 Nd3 13. Nxc4 Bxf3 14. Qxd3 Qxd3 15. Bxd3 Bxe4 16. Bxe4 Nxe4 17. Bxe7 Rfe8 18. Ba3 Rac8 19. Ne3 f5 20. Rfd1 f4 21. Nd5 Bh6 22. f3 Ng5 23. Nf6+ Kf7 24. Nxe8 Rxe8 25. Re1 Rd8 26. Re7+ Kf6 27. Rae1 Rd2 28. h4 Nf7 29. R1e6+ Kg7 30. Rxb7 g5 31. Ree7 Rd1+ 32. Kh2 gxh4 33. Rxf7+ Kg6 34. Rfd7 Bg5 35. Rxd1 Bf6 36. Rd6 Kf5 37. Kh3 h5 38. Rf7 1-0

[Event "EU-Cup Online Gr-D (Women)"]
[Site "Tornelo INT"]
[Date "2020.12.20"]
[Round "7.2"]
[White "Mamedjarova, Turkan"]
[Black "Narva, Regina R"]
[Result "1-0"]
[WhiteElo "2309"]
[BlackElo "1901"]
[PlyCount "101"]
[EventDate "2020.12.19"]
[EventType "team-tourn (rapid)"]
[EventRounds "9"]
[EventCountry "ISS"]
[SourceTitle "CBM 199 Extra"]
[Source "ChessBase"]
[SourceDate "2021.01.31"]
[SourceVersion "1"]
[SourceVersionDate "2021.01.31"]
[SourceQuality "1"]
[WhiteTeam "Odlar Yurdu (W)"]
[BlackTeam "Reval Sport (W)"]
[WhiteTeamCountry "AZE"]
[BlackTeamCountry "EST"]

1. d4 Nf6 2. Nf3 g6 3. c4 d6 4. Nc3 b6 5. e4 Bg7 6. h3 c5 7. dxc5 bxc5 8. e5 dxe5 9. Qxd8+ Kxd8 10. Nxe5 Be6 11. Be3 Nfd7 12. Nxd7 Nxd7 13. Ne4 Bxb2 14. Rd1 Ke8 15. f4 Rc8 16. Be2 h6 17. 0-0 f5 18. Nd2 Nb6 19. h4 Bf6 20. h5 g5 21. fxg5 hxg5 22. Bd3 f4 23. Bf2 Bg4 24. Rb1 Bxh5 25. Ne4 Kf7 26. Nxc5 g4 27. g3 fxg3 28. Be3 Bg6 29. Rbc1 Rh2 30. Bxg6+ Kxg6 31. Rf4 Rh4 32. Nd3 Rch8 33. Kg2 Bg5 34. Ne5+ Kh5 35. Rf5 Rg8 36. Nf7 Rh2+ 37. Kg1 Kg6 38. Rxg5+ Kxf7 39. Rf1+ Rf2 40. Bxf2 gxf2+ 41. Rxf2+ Ke6 42. Rxg8 Nxc4 43. Rxg4 Nd6 44. Ra4 Ke5 45. Rxa7 e6 46. a4 Ne4 47. Re2 Kd4 48. Rd7+ Ke5 49. a5 Kf5 50. Rxe4 Kxe4 51. a6 1-0

[Event "Speed Chess Super Swiss"]
[Site "Chess.com INT"]
[Date "2020.10.03"]
[Round "13"]
[White "Narva, Regina R"]
[Black "Sarkar, Justin"]
[Result "0-1"]
[WhiteElo "1901"]
[BlackElo "2377"]
[PlyCount "96"]
[EventDate "2020.10.03"]
[EventType "swiss (blitz)"]
[EventRounds "15"]
[EventCountry "USA"]
[SourceTitle "CBM 198 Extra"]
[Source "ChessBase"]
[SourceDate "2020.11.30"]
[SourceVersion "1"]
[SourceVersionDate "2020.11.30"]
[SourceQuality "1"]

1. e4 e5 2. Nc3 Nc6 3. f4 exf4 4. Nf3 g5 5. h4 g4 6. Ng5 h6 7. Nxf7 Kxf7 8. Qxg4 Ne5 9. Qf5+ Qf6 10. Bc4+ Kg7 11. Qxf6+ Nxf6 12. Bb3 c5 13. 0-0 c4 14. Ba4 Bc5+ 15. Kh1 Neg4 16. d4 cxd3 17. Bxf4 d6 18. cxd3 Nf2+ 19. Kh2 Nxd3 20. Bg3 Ng4+ 21. Kh1 Ndf2+ 22. Bxf2 Nxf2+ 23. Kh2 Ng4+ 24. Kg3 Be6 25. Nd5 Ne3 26. Rf3 Nxd5 27. exd5 Bxd5 28. Rd3 Be4 29. Rd2 Rhg8 30. a3 Kf6+ 31. Kf4 d5 32. g4 Bd6+ 33. Ke3 Rxg4 34. Rf1+ Ke5 35. Bd7 Bc5+ 36. Ke2 Rg2+ 37. Kd1 Rxd2+ 38. Kxd2 d4 39. Rc1 b6 40. Rg1 Rf8 41. Re1 Rf2+ 42. Kd1 d3 43. Bc6 Re2 44. Bxe4 Rxe1+ 45. Kxe1 Kxe4 46. Kd2 h5 47. b4 Be7 48. b5 Bxh4 0-1

[Event "Speed Chess (Women) Q5"]
[Site "Chess.com INT"]
[Date "2020.06.22"]
[Round "1"]
[White "Mkrtchian, Lilit"]
[Black "Narva, Regina R"]
[Result "1-0"]
[WhiteElo "2388"]
[BlackElo "1905"]
[PlyCount "119"]
[EventDate "2020.06.22"]
[EventType "swiss (blitz)"]
[EventRounds "13"]
[EventCountry "USA"]
[SourceTitle "CBM 196 Extra"]
[Source "ChessBase"]
[SourceDate "2020.07.31"]
[SourceVersion "1"]
[SourceVersionDate "2020.07.31"]
[SourceQuality "1"]

1. d4 Nf6 2. c4 d6 3. Nc3 g6 4. e4 Bg7 5. Nf3 b6 6. Bd3 a6 7. 0-0 c5 8. d5 Ra7 9. h3 0-0 10. a4 e5 11. g4 h5 12. Nh2 hxg4 13. hxg4 Nh7 14. Kg2 Qh4 15. Rh1 Ng5 16. Nf1 Qxg4+ 17. Qxg4 Bxg4 18. Bxg5 f5 19. f3 fxe4 20. Bxe4 Bf5 21. Ng3 Raf7 22. Raf1 Nd7 23. Nd1 Rb8 24. Ne3 b5 25. axb5 axb5 26. Ngxf5 gxf5 27. Bxf5 bxc4 28. Be6 Rxb2+ 29. Rf2 c3 30. Rc1 e4 31. Bxf7+ Kxf7 32. fxe4+ Kg6 33. Bf4 Bd4 34. Rcc2 Nf6 35. Rxb2 cxb2 36. Rf1 Nxe4 37. Nc4 Nc3 38. Nxb2 Ne2 39. Nc4 Nxf4+ 40. Rxf4 Kg5 41. Rf8 Kg6 42. Nxd6 Be5 43. Ne4 c4 44. d6 c3 45. d7 c2 46. Rc8 Bf6 47. Kf3 Be7 48. Ke2 Kf5 49. Ng3+ Ke6 50. Kd2 Kxd7 51. Rxc2 Bg5+ 52. Kd3 Bf6 53. Ne4 Be5 54. Kc4 Ke6 55. Nc5+ Kf5 56. Kd5 Bg3 57. Re2 Kf4 58. Nd3+ Kf3 59. Re8 Bc7 60. Kd4 1-0